Systém finančního řízení banky
Súčasné trendy v bankovníctve. Zmenené postavenie bánk. Zvýšená konkurencia zo strany nebankových subjektov. Podstata finančného riadenia. Systém riadenia rizík. Identifikácia bankových rizík.
Saved in:
| Main Author: | |
|---|---|
| Format: | Book Chapter |
| Language: | Czech |
| Subjects: | |
| Tags: |
No Tags, Be the first to tag this record!
|
MARC
| LEADER | 00000nla a2200000 4500 | ||
|---|---|---|---|
| 001 | 0161920 | ||
| 005 | 20231121083451.1 | ||
| 041 | 0 | |a cze | |
| 044 | |a SK | ||
| 245 | 1 | 0 | |a Systém finančního řízení banky |c Božena Petrjánošová |
| 520 | |a Súčasné trendy v bankovníctve. Zmenené postavenie bánk. Zvýšená konkurencia zo strany nebankových subjektov. Podstata finančného riadenia. Systém riadenia rizík. Identifikácia bankových rizík. | ||
| 610 | 2 | 0 | |a banky |
| 610 | 2 | 0 | |a riadenie finančné |
| 610 | 2 | 0 | |a manažment finančný |
| 610 | 2 | 0 | |a riadenie rizík |
| 610 | 2 | 0 | |a služby bankové |
| 610 | 2 | 0 | |a konkurencieschopnosť |
| 610 | 2 | 0 | |a trh kapitálový |
| 100 | 1 | |a Petrjánošová, Božena | |